| 000 | 00454cam a2200193ua 4500 | ||
|---|---|---|---|
| 001 | 8083 | ||
| 008 | 151217n1991 II |||gr||||Z||||||eng | ||
| 040 | _aMAIN | ||
| 041 | _aEnglish | ||
| 082 | _a547 HAR | ||
| 100 | _aHART, HAROLD. | ||
| 245 | _aORGANIC CHEMISTRY | ||
| 260 |
_aNEW DELHI: _bS.CHAND & COMPANY, _c1997. |
||
| 300 |
_a572: _c25CM. |
||
| 653 | _aOrganic chemistry | ||
| 700 | _aHART, DAVID J. | ||
| 700 | _aCRAINE, LESLIE E. | ||
| 942 | _cBK | ||
| 999 |
_c8064 _d8064 |
||